01545nam a2200325 a 4500001001000000003000500010005001700015008004100032010001100073011001100084040000900095090001000104100004600114245024200160260004100402500006000443502011100503590004000614590004000654650003800694650005600732650005300788856007000841901000700911942001000918942000600928999001900934952013100953952013501084000113210CHAP20220329144343.0170517s2016 mx a fsm |||||||spa d a109671 a110643 cCHAP aTesis1 aDíaz Ceniceros, Huizar Leonardo913224410aControl químico de la roya lineal amarilla (Puccinia striiformis f. sp. tritici) en diferentes etapas de desarrollo de trigo (Triticum eastivum L.) en Terrenate, Tlaxcala, México /h[En línea]cpor Huizar Leonardo Díaz Ceniceros. aChapingo, Méx. :bEl autor,c2016. aPara ver el contenido del material haga clic en la liga aTesis (Ing. Agr. Esp. en Parasitología Agrícola) -- UACH. Departamento de Parasítología Agrícola aE8697GMMb05c20170517lUCH01h0845 aE8697GMMb05c20170517lUCH01h093214aFungicidasxAplicación.912660414aFungicidasxEfecto en Puccinia striiformis.912968614aTrigoxEnfermedades por hongosxControl.9132863 aFinding aiduhttp://10.13.5.2/tesis/sist113210.pdfzTeclea aquí aBK cTESIS n0 c109671d109671 00104054718TESISaBCbBCd2017-05-17fTESISl0oTesisp113212-10r2019-12-31 00:00:00w2019-12-31yTESISzRecien adquirido 00102local4053708TESISaBCbBCcPA_TESISd2017-05-17fTESISl0oTesisp113212-20r2019-12-31 00:00:00tc.2w2019-12-31yTESIS